| 000 | 01402cam a22003015a 4500 | ||
|---|---|---|---|
| 001 | 15980739 | ||
| 005 | 20201128023609.0 | ||
| 008 | 091112t2011 caua frb 001 0 eng d | ||
| 010 | _a 2009047929 | ||
| 020 | _a9781412974578 (pbk.) | ||
| 040 |
_aDLC _cDLC _dBTCTA _dYDXCP _dC#P _dBWX _dCDX _dDLC _dEG-ScBUE _beng |
||
| 082 | 0 | 4 |
_a001.42 _222 _bHES |
| 100 | 1 |
_aHesse-Biber, Sharlene Nagy. _938554 |
|
| 245 | 1 | 4 |
_aThe practice of qualitative research / _cSharlene Nagy Hesse-Biber, Patricia Leavy. |
| 250 | _a2nd ed. | ||
| 260 |
_aThousand Oaks : _bSAGE, _cc.2011. |
||
| 300 |
_axx, 400 p. : _bill. ; _c26 cm. |
||
| 500 | _aIndex : p. 383-400. | ||
| 504 | _aBibliography : p. 365-381. | ||
| 505 | 0 | _aAn invitation to qualitative research -- Approaches to qualitative research -- Designing qualitative approaches to research -- The ethics of social research -- In-depth interview -- Oral history -- Focus group interviews -- Ethnography -- Content analysis and unobtrusive methods -- Case study -- Mixed methods research -- Analysis and interpretation of qualitative data -- The writing and representation of qualitative research -- The research nexus. | |
| 650 | 7 |
_aSocial sciences _xResearch. _2BUEsh _9775 |
|
| 650 | 7 |
_aQualitative research. _2BUEsh _912337 |
|
| 651 | _2BUEsh | ||
| 653 |
_bBUSBOL _cOctober2015 |
||
| 655 |
_vText book _933728 |
||
| 700 | 1 |
_aLeavy, Patricia, _d1975- |
|
| 942 | _2ddc | ||
| 999 |
_c20954 _d20926 |
||